[Event "Antioquia Region-ch Seniors"]
[Site "Medellin"]
[Date "2010.??.??"]
[Round "2.27"]
[White "Sanchez Ospina, William"]
[Black "Betancur, Pedro"]
[Result "1-0"]
[WhiteElo "1635"]
[BlackElo "1587"]
[PlyCount "59"]
[EventDate "2010.03.12"]
[EventType "tourn"]
[EventRounds "7"]
[EventCountry "COL"]
[SourceTitle "EXT 2024"]
[Source "ChessBase"]
[SourceDate "2023.10.10"]
[SourceVersion "1"]
[SourceVersionDate "2023.10.10"]
[SourceQuality "1"]

1. d4 d5 2. c4 Nf6 3. Nc3 e6 4. Bg5 Be7 5. Nf3 h6 6. Bh4 Nc6 7. e3 a6 8. a3 b6 9. Bd3 Bb7 10. cxd5 exd5 11. 0-0 0-0 12. Rc1 Qd6 13. Bg3 Qd7 14. Qc2 Bd6 15. Ne5 Qe8 16. f4 Ne7 17. Bh4 Nd7 18. Rf3 f5 19. Bxe7 Bxe7 20. Bxf5 Nf6 21. Be6+ Kh8 22. Ng6+ Kh7 23. Nxf8+ Kh8 24. Ng6+ Kh7 25. Nxe7+ Ne4 26. Bf5+ Kh8 27. Ncxd5 Bxd5 28. Nxd5 Qf7 29. Bxe4 Rc8 30. Nxb6 1-0